Flags with Red - Sudden Death - Statistics

General Stats
  • This quiz has been taken 41 times
  • The average score is 14 of 24
Answers on the Grid
Answers color-coded by a green-red scale on the quiz's grid according to % correct below.
Algeria
Armenia
Bangladesh
Brunei
Cape Verde
China
United Arab Emirates
France
Jordan
Guyana
Iraq
Kiribati
Nepal
Namibia
Portugal
Romania
Samoa
Singapore
Spain
Sudan
Switzerland
Tonga
Zambia
Uzbekistan
Saudi Arabia
Argentina
Bahamas
Barbados
Bhutan
Botswana
Brazil
Cyprus
Ivory Coast
Gabon
Jamaica
Solomon Islands
Honduras
Ireland
Israel
Nigeria
Nauru
Pakistan
Rwanda
Saint Lucia
Sierra Leone
Somalia
Sweden
Ukraine
 
Answer Stats
Answer % Correct
Spain
83%
United Arab Emirates
78%
Switzerland
72%
Bangladesh
67%
China
67%
Nepal
67%
Portugal
67%
Romania
67%
Tonga
67%
France
61%
Iraq
61%
Jordan
61%
Samoa
61%
Singapore
61%
Sudan
61%
Algeria
56%
Armenia
56%
Guyana
56%
Kiribati
56%
Namibia
50%
Brunei
39%
Cape Verde
39%
Zambia
39%
Uzbekistan
28%
No matching quizzes found
Score Distribution
Percent of People with Each Score
Percentile by Number Answered
Your Score History
You have not taken this quiz